[Event "57th World Juniors 2018"]
[Site "Manavgat TUR"]
[Date "2018.09.13"]
[Round "9.37"]
[White "Nyambileg, Erdene-Ochir"]
[Black "Sanal, Vahap"]
[Result "0-1"]
[BlackTitle "GM"]
[WhiteElo "1798"]
[BlackElo "2502"]
[WhiteFideId "4901932"]
[BlackFideId "6300545"]
[EventDate "2018.09.05"]

1. d4 Nf6 2. c4 e6 3. Nf3 b6 4. a3 Bb7 5. Nc3 d5 6. Bf4 Bd6 7. Bg3 O-O 8. e3 c5
9. dxc5 bxc5 10. Be2 h6 11. Rc1 Bxg3 12. hxg3 Nbd7 13. O-O Qe7 14. cxd5 exd5 15.
Qc2 Rac8 16. Rfd1 Nb6 17. Qf5 Rfe8 18. a4 a5 19. Bb5 Red8 20. Bd3 Rb8 21. Ne5 g6
22. Qf4 Nh5 23. Qxh6 Qxe5 24. Bxg6 Nf6 25. Bb1 Nbd7 26. g4 Nxg4 27. Bh7+ Kh8 28.
Qh3 Ngf6 29. f4 Qh5 30. Qxh5 Nxh5 31. Bf5 Nb6 32. Kf2 Nf6 33. Nb5 Bc8 0-1

[Event "57th World Juniors 2018"]
[Site "Manavgat TUR"]
[Date "2018.09.13"]
[Round "9.38"]
[White "Priasmoro, Novendra"]
[Black "Milosevic, Milos"]
[Result "1-0"]
[WhiteTitle "FM"]
[BlackTitle "FM"]
[WhiteElo "2498"]
[BlackElo "2292"]
[WhiteFideId "7105029"]
[BlackFideId "964875"]
[EventDate "2018.09.05"]

1. d4 d6 2. e4 e5 3. Nf3 exd4 4. Qxd4 a6 5. Bg5 Nc6 6. Qd2 Nf6 7. Nc3 Be7 8.
O-O-O Be6 9. h3 O-O 10. Qe3 Nd7 11. Bf4 b5 12. Nd5 Re8 13. g4 Bf8 14. Qc3 Nc5
15. Bd3 b4 16. Qd2 Na4 17. Bg5 Qb8 18. h4 Ne5 19. Nxe5 dxe5 20. h5 Bxd5 21. exd5
e4 22. Bc4 Bd6 23. Be3 Be5 24. Bd4 c5 25. dxc6 Nxb2 26. Kxb2 Rd8 27. Qe3 Rxd4
28. Rxd4 Qb6 29. Rd1 Rd8 30. Kb1 Bxd4 31. c7 Qxc7 32. Rxd4 Rxd4 33. Qxd4 1-0

[Event "57th World Juniors 2018"]
[Site "Manavgat TUR"]
[Date "2018.09.13"]
[Round "9.39"]
[White "Shailesh, Dravid"]
[Black "Asadli, Vugar"]
[Result "1-0"]
[WhiteTitle "FM"]
[BlackTitle "IM"]
[WhiteElo "2325"]
[BlackElo "2492"]
[WhiteFideId "25017969"]
[BlackFideId "13405764"]
[EventDate "2018.09.05"]

1. e4 d6 2. d4 g6 3. Nc3 Bg7 4. Nf3 a6 5. a4 b6 6. Be2 Bb7 7. O-O e6 8. Bg5 Ne7
9. Qd2 h6 10. Be3 Nd7 11. h3 Kf8 12. Nh2 Kg8 13. Ng4 h5 14. Nh6+ Kf8 15. f3 d5
16. exd5 exd5 17. Bd1 c5 18. Ne2 a5 19. c3 Ba6 20. Rf2 Rc8 21. Bb3 Rc6 22. g4
Re6 23. g5 Bxe2 24. Rxe2 Bxh6 25. gxh6 Nf5 26. Bf4 Qh4 27. Rae1 g5 28. Bc7 c4
29. Bc2 Qxh3 30. Rxe6 fxe6 31. Rxe6 Qxf3 32. Qxg5 1-0

[Event "57th World Juniors 2018"]
[Site "Manavgat TUR"]
[Date "2018.09.13"]
[Round "9.40"]
[White "Cadilhac, Igor Tokuichi Kikuchi"]
[Black "Tutisani, Noe"]
[Result "0-1"]
[WhiteTitle "FM"]
[BlackTitle "IM"]
[WhiteElo "2286"]
[BlackElo "2471"]
[WhiteFideId "2132150"]
[BlackFideId "13602853"]
[EventDate "2018.09.05"]

1. e4 e5 2. Nf3 Nc6 3. Nc3 Nf6 4. Bb5 Nd4 5. Bc4 Bc5 6. Nxe5 Qe7 7. Nf3 d5 8.
Nxd5 Qxe4+ 9. Ne3 Bg4 10. Be2 Nxe2 11. Qxe2 O-O-O 12. d3 Qa4 13. c3 Rhe8 14. d4
Nd5 15. O-O Qc6 16. Qc2 Nxe3 17. fxe3 Bd6 18. c4 f6 19. Bd2 g6 20. b4 Bf5 21.
Qc3 Qe4 22. b5 Qd3 23. Qxd3 Bxd3 24. Rfc1 Bf8 25. Kf2 g5 26. a4 g4 27. Ng1 Bh6
28. Rc3 Be4 29. Ne2 Bg5 30. g3 h5 31. Nf4 f5 32. Re1 h4 33. Ng6 hxg3+ 34. Kxg3
Rd6 35. Nf4 Rh6 36. Re2 Bh4# 0-1

[Event "57th World Juniors 2018"]
[Site "Manavgat TUR"]
[Date "2018.09.13"]
[Round "9.41"]
[White "Nikolovski, Nikola"]
[Black "Agdelen, Huseyin Can"]
[Result "1/2-1/2"]
[WhiteTitle "IM"]
[BlackTitle "FM"]
[WhiteElo "2388"]
[BlackElo "2280"]
[WhiteFideId "15002314"]
[BlackFideId "6352260"]
[EventDate "2018.09.05"]

1. e4 c5 2. Nf3 d6 3. d4 cxd4 4. Nxd4 Nf6 5. Nc3 a6 6. Bg5 e6 7. f4 h6 8. Bh4
Qb6 9. Qd2 Qxb2 10. Rb1 Qa3 11. e5 dxe5 12. fxe5 Nfd7 13. Ne4 Qxa2 14. Rd1 Qd5
15. Qe3 Qxe5 16. Be2 Bc5 17. Bg3 Qd5 18. c4 Bxd4 19. Rxd4 Qa5+ 20. Rd2 O-O 21.
Bd6 f5 22. Bxf8 Nxf8 23. Nd6 Nbd7 24. g4 fxg4 25. Bxg4 Qa1+ 26. Rd1 Qa5+ 27. Rd2
Qa1+ 28. Rd1 Qa5+ 29. Rd2 Qa1+ 30. Rd1 Qa5+ 1/2-1/2

[Event "57th World Juniors 2018"]
[Site "Manavgat TUR"]
[Date "2018.09.13"]
[Round "9.42"]
[White "Suleymenov, Alisher"]
[Black "Agmanov, Zhandos"]
[Result "1/2-1/2"]
[WhiteTitle "FM"]
[BlackTitle "FM"]
[WhiteElo "2307"]
[BlackElo "2379"]
[WhiteFideId "13707833"]
[BlackFideId "13708309"]
[EventDate "2018.09.05"]

1. d4 Nf6 2. c4 e6 3. g3 d5 4. Nf3 Bb4+ 5. Bd2 Be7 6. Bg2 O-O 7. O-O c6 8. Qc2
Nbd7 9. Rd1 b6 10. Bf4 Ba6 11. Ne5 Rc8 12. Nc3 Nh5 13. Bc1 Nhf6 14. Bf4 b5 15.
c5 Nxe5 16. dxe5 Nd7 17. b4 g5 18. Bc1 Nxe5 19. a4 bxa4 20. Rxa4 Bc4 21. Rxa7
Ra8 22. Rxa8 Qxa8 23. Bb2 Qb8 24. Na4 Nd7 25. Bc3 Bb5 26. Nb2 Bf6 27. Bxf6 Nxf6
28. Qc3 Nd7 29. Nd3 Re8 30. Qd2 Qd8 31. Ra1 Qf6 32. Ra7 Rd8 33. h3 h6 34. e3 Qf5
35. Ne1 Ne5 36. Qd4 Nc4 37. g4 Qe5 38. Nf3 Qb8 39. Qf6 Qxa7 40. Qxd8+ Kg7 41.
Nd4 Qa1+ 42. Kh2 Qe1 43. Qe7 Qxf2 44. Nxe6+ Kh7 45. Nf4 gxf4 46. Qxf7+ 1/2-1/2

[Event "57th World Juniors 2018"]
[Site "Manavgat TUR"]
[Date "2018.09.13"]
[Round "9.43"]
[White "Miciano, John Marvin"]
[Black "Zhao, Chenxi"]
[Result "0-1"]
[WhiteTitle "IM"]
[WhiteElo "2374"]
[BlackElo "2275"]
[WhiteFideId "5211948"]
[BlackFideId "8611513"]
[EventDate "2018.09.05"]

1. e4 c5 2. Nf3 e6 3. g3 Nc6 4. Bg2 Nf6 5. Qe2 d5 6. exd5 Nxd5 7. O-O Be7 8. Rd1
Bf6 9. Nc3 Ndb4 10. d3 Nd4 11. Nxd4 cxd4 12. Ne4 Be7 13. c3 Nc6 14. Nd2 Bf6 15.
c4 O-O 16. Rb1 a5 17. b3 Re8 18. a3 Be7 19. f4 Bc5 20. Re1 Bd7 21. Qh5 Bf8 22.
Ne4 f6 23. Bb2 Qb6 24. Nd2 Ne7 25. Qf3 Nc6 26. Kh1 Rad8 27. Qf2 Bc8 28. Re2 Ne7
29. g4 Ng6 30. Rbe1 Qc7 31. Re4 Bc5 32. Bc1 Rf8 33. Nf1 Qb6 34. Nd2 Qd6 35. f5
exf5 36. gxf5 Ne5 37. Rxe5 fxe5 38. Bd5+ Be6 39. Be4 Rf6 40. Rg1 Qf8 41. Qg3
Bxf5 42. Bxf5 Rxf5 43. Ne4 Rf1 44. Kg2 Rxg1+ 45. Kxg1 Re8 46. Qg4 b6 47. a4 Qf7
48. Bg5 Rf8 49. h4 Be7 50. Bh6 Qg6 51. Bg5 Bxg5 52. hxg5 Qf7 53. Kh2 Qf4+ 54.
Qxf4 Rxf4 55. Kg3 Rf1 56. c5 bxc5 57. Nxc5 Rc1 58. Nb7 0-1

[Event "57th World Juniors 2018"]
[Site "Manavgat TUR"]
[Date "2018.09.13"]
[Round "9.44"]
[White "Baenziger, Fabian"]
[Black "Samani, Yamac"]
[Result "1-0"]
[WhiteTitle "IM"]
[BlackTitle "FM"]
[WhiteElo "2360"]
[BlackElo "2226"]
[WhiteFideId "1330110"]
[BlackFideId "6352634"]
[EventDate "2018.09.05"]

1. d4 Nf6 2. c4 e6 3. Nf3 d5 4. g3 Bb4+ 5. Bd2 Be7 6. Bg2 O-O 7. O-O c6 8. Qc2
Nbd7 9. Bf4 b6 10. Rd1 Ba6 11. b3 Rc8 12. Nc3 Qe8 13. e4 dxc4 14. Nd2 e5 15.
dxe5 Ng4 16. Bh3 h5 17. Bxg4 hxg4 18. Nf1 g5 19. Qe2 Bd8 20. e6 Qxe6 21. Rd6 Qe7
22. e5 gxf4 23. Qxg4+ Qg5 24. Qxg5+ Bxg5 25. Rxd7 cxb3 26. axb3 Bxf1 27. Kxf1
Rce8 28. Ra4 Rxe5 29. gxf4 Rc5 30. Ne4 Rc1+ 31. Kg2 Bh6 32. f5 a5 33. Nf6+ Kg7
34. Nh5+ Kh7 35. Rg4 Kh8 36. Nf6 Bg7 37. Rd3 1-0

[Event "57th World Juniors 2018"]
[Site "Manavgat TUR"]
[Date "2018.09.13"]
[Round "9.45"]
[White "Murphy, Conor E"]
[Black "Nogerbek, Kazybek"]
[Result "1-0"]
[WhiteTitle "FM"]
[BlackTitle "FM"]
[WhiteElo "2357"]
[BlackElo "2261"]
[WhiteFideId "421669"]
[BlackFideId "13710427"]
[EventDate "2018.09.05"]

1. e4 e6 2. d4 d5 3. exd5 exd5 4. Nf3 Bd6 5. c4 dxc4 6. Bxc4 Nf6 7. O-O O-O 8.
Nc3 Nc6 9. h3 Bf5 10. Bg5 h6 11. Bh4 g5 12. Bg3 Bxg3 13. fxg3 Ne4 14. g4 Bh7 15.
Bd3 Nxc3 16. Bxh7+ Kxh7 17. bxc3 Kg8 18. Nd2 Qe7 19. Re1 Qd7 20. Ne4 f5 21. gxf5
Qxf5 22. Qb3+ Kh8 23. Qxb7 Ne7 24. Qxc7 Ng6 25. Qc5 Qf4 26. Qd6 Qxd6 27. Nxd6
Rab8 28. Rab1 Nf4 29. Rb3 a5 30. c4 a4 31. Rxb8 Rxb8 32. Nb5 Kg7 33. Re7+ Kf6
34. Ra7 Re8 35. Ra6+ Kg7 36. Rxa4 Re2 37. c5 Rxg2+ 38. Kf1 Rc2 39. Ra3 Nd5 40.
Ke1 h5 41. Kd1 Rc4 42. Kd2 h4 43. Kd3 Rb4 44. Ke4 Ne7 45. Nd6 Kg6 46. Ra6 Kg7
47. c6 g4 48. c7 gxh3 49. Ra3 h2 50. Rh3 Rb2 51. Nf5+ Nxf5 52. Kxf5 Rc2 53. Ke6
Rxc7 54. Rxh2 Rc6+ 55. Ke7 Ra6 56. Rxh4 Ra7+ 57. Kd6 Ra6+ 58. Kd7 Ra7+ 59. Kc6
Kf6 60. Re4 Ra6+ 61. Kb5 Rxa2 62. d5 Kf7 63. d6 Rd2 64. Kc6 Rc2+ 65. Kb7 Rc3 66.
d7 Rd3 67. Kc6 Rc3+ 68. Kd6 Rd3+ 69. Kc7 Rc3+ 70. Kd8 Rh3 71. Rc4 1-0

[Event "57th World Juniors 2018"]
[Site "Manavgat TUR"]
[Date "2018.09.13"]
[Round "9.46"]
[White "Krishna Teja, N"]
[Black "Silva, David"]
[Result "1-0"]
[WhiteTitle "IM"]
[BlackTitle "IM"]
[WhiteElo "2356"]
[BlackElo "2223"]
[WhiteFideId "5001498"]
[BlackFideId "10101314"]
[EventDate "2018.09.05"]

1. d4 Nf6 2. c4 g6 3. Nc3 Bg7 4. e4 d6 5. Be2 O-O 6. Nf3 e5 7. d5 a5 8. Bg5 h6
9. Be3 Na6 10. Nd2 Nc5 11. g4 Nh7 12. Nb3 Nxb3 13. axb3 f5 14. gxf5 gxf5 15.
exf5 Bxf5 16. Bg4 Qh4 17. Bxf5 Rxf5 18. Qc2 Rf7 19. Ne4 Nf6 20. Nxf6+ Rxf6 21.
O-O-O a4 22. bxa4 b5 23. b3 bxa4 24. bxa4 Rb8 25. Rd3 c6 26. dxc6 Qe4 27. Rhd1
Qxc6 28. c5 dxc5 29. Rd8+ Rf8 30. Qc4+ Kh8 31. Rxf8+ Rxf8 32. Rd5 Ra8 33. Qe4
Qe8 34. Rd7 Qxd7 35. Qxa8+ Kh7 36. Qe4+ Kh8 37. Kb2 Qd1 38. Bxc5 Qd2+ 39. Kb3
Qd1+ 40. Kb4 Qd2+ 41. Kc4 Qa5 42. Qc6 e4 43. Qe8+ Kh7 44. Qxe4+ Kh8 45. Qe8+ Kh7
46. Kd5 Qa6 47. Qc6 Qd3+ 48. Ke6 Qc4+ 49. Kd7 1-0

[Event "57th World Juniors 2018"]
[Site "Manavgat TUR"]
[Date "2018.09.13"]
[Round "9.47"]
[White "Liyanage, Ranindu Dilshan"]
[Black "Bashirli, Nail"]
[Result "0-1"]
[WhiteTitle "CM"]
[BlackTitle "IM"]
[WhiteElo "1989"]
[BlackElo "2354"]
[WhiteFideId "9915834"]
[BlackFideId "13406809"]
[EventDate "2018.09.05"]

1. e4 c5 2. Nf3 d6 3. d4 cxd4 4. Nxd4 Nf6 5. Nc3 Nc6 6. Bg5 Bd7 7. Qd2 Rc8 8.
O-O-O Nxd4 9. Qxd4 Qa5 10. f4 h6 11. Bxf6 gxf6 12. Bc4 Qc5 13. Bb3 Rg8 14. e5
Qxd4 15. Rxd4 fxe5 16. fxe5 Rxg2 17. Rf1 Bg7 18. Bxf7+ Kd8 19. Bd5 Rg5 20. Rb4
Rxe5 21. Rg1 Rg5 22. Rxg5 hxg5 23. Rxb7 Bd4 24. Nb5 Be3+ 25. Kb1 Bf5 26. Na3 g4
27. Rb4 Bc5 28. Rf4 e6 29. Bb3 Bg1 30. Nc4 Bxh2 31. Rf2 g3 32. Rd2 d5 33. Ne3
Be4 34. Ng2 Ke7 0-1

[Event "57th World Juniors 2018"]
[Site "Manavgat TUR"]
[Date "2018.09.13"]
[Round "9.48"]
[White "Kalogeris, Ioannis"]
[Black "Ozsakallioglu, Okan"]
[Result "1-0"]
[WhiteElo "2352"]
[BlackElo "1955"]
[WhiteFideId "4239563"]
[BlackFideId "6367011"]
[EventDate "2018.09.05"]

1. e4 c5 2. Nf3 e6 3. d4 cxd4 4. Nxd4 Nc6 5. Nc3 Nf6 6. a3 d5 7. exd5 exd5 8.
Be2 Bd6 9. Bg5 O-O 10. O-O Qe7 11. Nxd5 Bxh2+ 12. Kh1 Qd6 13. Bxf6 gxf6 14. Nb5
Qb8 15. f4 Bg3 16. Nxf6+ 1-0

[Event "57th World Juniors 2018"]
[Site "Manavgat TUR"]
[Date "2018.09.13"]
[Round "9.49"]
[White "Kamer, Kayra"]
[Black "Murzin, Volodar"]
[Result "1/2-1/2"]
[BlackTitle "FM"]
[WhiteElo "2205"]
[BlackElo "2349"]
[WhiteFideId "6367879"]
[BlackFideId "44155573"]
[EventDate "2018.09.05"]

1. e4 c5 2. Nf3 d6 3. d4 cxd4 4. Nxd4 Nf6 5. Nc3 a6 6. Be3 e5 7. Nf3 Be7 8. Bc4
O-O 9. O-O Be6 10. Qe2 Bxc4 11. Qxc4 b5 12. Qd3 Nbd7 13. b4 Qc7 14. a4 Rfc8 15.
Bd2 Rab8 16. axb5 axb5 17. Rfc1 Qc4 18. Ra5 Bd8 19. Ra6 Qxb4 20. Rb1 Qc4 21.
Qxd6 b4 22. Ra4 Rb6 23. Rbxb4 Qxb4 24. Qxb4 Rxb4 25. Rxb4 Ba5 26. Rb3 h6 27. Nd5
Nxd5 28. Bxa5 N5f6 29. Ne1 Nxe4 30. f3 Ng5 31. Rd3 Nb8 32. Rd8+ Rxd8 33. Bxd8
Ne6 34. Bb6 Kf8 35. Nd3 f6 36. Kf2 Ke7 1/2-1/2

[Event "57th World Juniors 2018"]
[Site "Manavgat TUR"]
[Date "2018.09.13"]
[Round "9.50"]
[White "Nastase, Robert-Paul"]
[Black "Kevlishvili, Robby"]
[Result "1/2-1/2"]
[WhiteTitle "FM"]
[BlackTitle "IM"]
[WhiteElo "2313"]
[BlackElo "2485"]
[WhiteFideId "1221175"]
[BlackFideId "1040634"]
[EventDate "2018.09.05"]

1. e4 e5 2. Nf3 Nc6 3. Bc4 Bc5 4. b4 Bxb4 5. c3 Ba5 6. d4 d6 7. Qb3 Qd7 8. dxe5
Bb6 9. Nbd2 dxe5 10. O-O Na5 11. Qc2 Nxc4 12. Nxc4 f6 13. Ba3 Qc6 14. Nb2 Be6
15. Rad1 Ne7 16. Nd3 a5 17. Nd2 Ng6 18. c4 Bd4 19. Nb3 Qxc4 20. Nxd4 exd4 21.
Qb1 b6 22. Rc1 Qxa2 23. Rxc7 Qxb1 24. Rxb1 Rc8 25. Ra7 Bc4 26. Rxb6 Bxd3 27.
Re6+ Kd8 28. Rd6+ Ke8 29. Re6+ Kd8 30. Rd6+ Ke8 1/2-1/2

[Event "57th World Juniors 2018"]
[Site "Manavgat TUR"]
[Date "2018.09.13"]
[Round "9.51"]
[White "Garidmagnai, Byambasuren"]
[Black "Sargsyan, Shant"]
[Result "1/2-1/2"]
[WhiteTitle "FM"]
[BlackTitle "IM"]
[WhiteElo "2287"]
[BlackElo "2477"]
[WhiteFideId "4902963"]
[BlackFideId "13306766"]
[EventDate "2018.09.05"]

1. d4 Nf6 2. c4 g6 3. Nc3 d5 4. Bg5 Ne4 5. Bh4 Nxc3 6. bxc3 dxc4 7. Qa4+ Qd7 8.
Qxc4 b6 9. Nf3 Bg7 10. Bg3 c5 11. Ne5 Qe6 12. e3 O-O 13. Be2 Qxc4 14. Bxc4 Bb7
15. O-O Bxe5 16. Bxe5 Nc6 17. Bg3 Na5 18. Bd3 Rac8 19. f3 cxd4 20. cxd4 Bd5 21.
Rfd1 Bc4 22. Be1 Bxd3 23. Rxd3 Nc4 24. a4 a6 25. Rb1 Rfd8 26. Rc3 Rd5 27. Rb4 b5
28. axb5 axb5 29. Bf2 Ra8 30. g4 Ra1+ 31. Kg2 Ra2 32. Kg3 f5 33. Rcb3 fxg4 34.
Rxb5 Rxb5 35. Rxb5 Nd6 36. Re5 Nf5+ 37. Kg2 Nh4+ 38. Kg3 Nf5+ 39. Kg2 Nh4+ 40.
Kg3 Nxf3 41. Rxe7 h5 42. d5 h4+ 43. Kxg4 Rxf2 44. d6 Kf8 45. Re4 Nxh2+ 46. Kxh4
Rd2 47. Kh3 Kg7 48. d7 Nf3 49. Kg4 Nh2+ 50. Kh3 Rxd7 51. Kxh2 1/2-1/2

[Event "57th World Juniors 2018"]
[Site "Manavgat TUR"]
[Date "2018.09.13"]
[Round "9.52"]
[White "Sibashvili, Giorgi"]
[Black "Ozenir, Ekin Baris"]
[Result "1-0"]
[WhiteTitle "IM"]
[BlackTitle "FM"]
[WhiteElo "2425"]
[BlackElo "2303"]
[WhiteFideId "13602799"]
[BlackFideId "6357415"]
[EventDate "2018.09.05"]

1. d4 Nf6 2. c4 e6 3. Nc3 Bb4 4. Qc2 O-O 5. Nf3 c5 6. dxc5 Na6 7. g3 Nxc5 8. Bg2
b6 9. O-O Bb7 10. Nb5 Be4 11. Qd1 Nb7 12. Bf4 a6 13. Nd6 Nxd6 14. Bxd6 Bxd6 15.
Qxd6 Qb8 16. Rfd1 Qb7 17. Bf1 Rfd8 18. Rd4 Rab8 19. Ne5 b5 20. c5 Ne8 21. Qe7 d6
22. Qxf7+ Qxf7 23. Nxf7 Kxf7 24. Rxe4 Nf6 25. Re3 dxc5 26. Bh3 Rd6 27. Rc1 Rc8
28. b3 Ke7 29. Kf1 Nd7 30. f4 g6 31. Ke1 Rcc6 32. Bg2 Rc7 33. g4 Kf7 34. g5 Nb6
35. Rh3 Kg8 36. Rhc3 c4 37. bxc4 Rxc4 38. e3 Kf7 39. Bf1 Rxc3 40. Rxc3 Nd5 41.
Rb3 Ke7 42. h4 Kd7 43. Be2 Kc7 44. Bf3 Ne7 45. h5 gxh5 46. Bxh5 e5 47. Bf7 exf4
48. exf4 Rd4 49. Rf3 Ng6 50. f5 Ne5 51. Rh3 Rd7 52. Be6 Rg7 53. g6 h6 54. Rxh6
Kd6 55. Rh7 Rxg6 56. fxg6 Kxe6 57. Ra7 Nxg6 58. Rxa6+ Kf7 59. Rb6 Ne7 60. Rxb5
Ke6 61. a4 Nc6 62. Kd2 Kd6 63. Kc3 Kc7 64. Kc4 Na7 65. Rb1 Nc6 66. Kc5 Na5 67.
Kb5 Nb7 68. Rc1+ Kb8 69. Rd1 Kc7 70. a5 Nd8 71. a6 1-0

[Event "57th World Juniors 2018"]
[Site "Manavgat TUR"]
[Date "2018.09.13"]
[Round "9.55"]
[White "Ozer, Omer Faruk"]
[Black "Yilmaz, Goktan"]
[Result "1-0"]
[WhiteTitle "IM"]
[BlackTitle "CM"]
[WhiteElo "2388"]
[BlackElo "2237"]
[WhiteFideId "6354564"]
[BlackFideId "6354904"]
[EventDate "2018.09.05"]

1. e4 c5 2. Nc3 d6 3. d4 cxd4 4. Qxd4 Nf6 5. Qd2 g6 6. b3 Bg7 7. f3 Nc6 8. Bb2
O-O 9. O-O-O Qa5 10. Kb1 Be6 11. Nge2 Rac8 12. a3 Nd7 13. h4 b5 14. Nd5 Qxd2 15.
Rxd2 Bxb2 16. Kxb2 Bxd5 17. exd5 Nce5 18. Nd4 a6 19. g3 Nb6 20. Bg2 Rc7 21. Re1
Rfc8 22. Rde2 Kf8 23. Bh3 Re8 24. Rd1 Ned7 25. Red2 Nf6 26. Ne2 Rc5 27. Nc3 Rc7
28. g4 Nfd7 29. g5 Kg7 30. f4 h6 31. gxh6+ Kxh6 32. Ne4 Nf6 33. Ng5 Kg7 34. Be6
Ne4 35. Nxe4 fxe6 36. Ng5 Kf6 37. Nxe6 Rcc8 38. Ng5 Rh8 39. Re1 Rxh4 40. Re6+
Kf5 41. Rxe7 Rxf4 42. Nf7 Kf6 43. Rb7 Nxd5 44. Nxd6 Rc5 45. b4 Nxb4 46. Rf7+ Ke5
47. Re7+ Kf6 48. Rf7+ Ke5 49. Rxf4 Kxf4 50. axb4 Rc6 51. Nf7 g5 52. Rf2+ Kg3 53.
Rf1 g4 54. Rg1+ Kf4 55. Rxg4+ Kf5 56. Rg5+ Kf4 57. Rc5 Rxc5 58. bxc5 Kf5 59. c6
Ke6 60. c4 b4 61. c5 Ke7 62. Kb3 a5 63. Nd6 Kd8 64. Nb7+ Kc7 65. Nxa5 1-0

[Event "57th World Juniors 2018"]
[Site "Manavgat TUR"]
[Date "2018.09.13"]
[Round "9.56"]
[White "Amartuvshin, Ganzorig"]
[Black "Arcuti, Davide"]
[Result "1/2-1/2"]
[WhiteTitle "FM"]
[BlackTitle "FM"]
[WhiteElo "2280"]
[BlackElo "2356"]
[WhiteFideId "4902548"]
[BlackFideId "1323725"]
[EventDate "2018.09.05"]

1. d4 Nf6 2. c4 e6 3. Nf3 d5 4. Nc3 c6 5. e3 Nbd7 6. Bd3 Bd6 7. e4 dxe4 8. Nxe4
Nxe4 9. Bxe4 e5 10. O-O exd4 11. Qxd4 Qf6 12. Qd1 Ne5 13. Nxe5 Bxe5 14. Re1 O-O
15. Bxh7+ Kxh7 16. Qh5+ Kg8 17. Rxe5 Bg4 18. Qg5 Qxg5 19. Rxg5 Be6 20. b3 a5 21.
Ba3 Rfd8 22. Bb2 g6 23. Bf6 Rd3 24. Rg3 Rxg3 25. hxg3 a4 26. Rd1 axb3 27. axb3
Kf8 28. Rd4 Ke8 29. b4 b5 30. c5 Bd5 31. Rd3 Kd7 32. g4 Re8 33. f3 Re1+ 34. Kf2
Rb1 35. Bc3 Ke6 36. Re3+ Kd7 37. g5 Rc1 38. g4 Rc2+ 39. Kg3 Bc4 40. Bf6 Re2 41.
Ra3 Ra2 42. Re3 Re2 43. Rc3 Rd2 44. Re3 Rd3 45. Re7+ Kc8 46. Re8+ Kd7 47. Re7+
Kc8 48. Kf2 Bd5 49. Re8+ Kb7 50. Re7+ Kc8 51. Kg3 Bc4 52. Re8+ Kd7 53. Re7+ Kc8
54. Kf2 Bd5 55. Re8+ Kb7 56. Re7+ Kc8 57. Re8+ Kb7 58. Re3 Rxe3 59. Kxe3 Kc8 60.
f4 Be6 61. Ke4 1/2-1/2

[Event "57th World Juniors 2018"]
[Site "Manavgat TUR"]
[Date "2018.09.13"]
[Round "9.57"]
[White "Can, Melih Kaan"]
[Black "Tuncer, Tuna"]
[Result "0-1"]
[BlackTitle "FM"]
[WhiteElo "2195"]
[BlackElo "2342"]
[WhiteFideId "6317383"]
[BlackFideId "6349269"]
[EventDate "2018.09.05"]

1. d4 Nf6 2. Bf4 d5 3. e3 c5 4. c3 Nc6 5. Nd2 e6 6. Ngf3 cxd4 7. exd4 Nh5 8. Be5
f6 9. Bg3 g6 10. Bd3 Bg7 11. Nh4 f5 12. Nhf3 O-O 13. Qc2 Nxg3 14. hxg3 Bd7 15.
Nb3 b6 16. O-O Qc7 17. Rfe1 Rae8 18. Qd2 f4 19. gxf4 Rxf4 20. Nc1 Ref8 21. Bf1
Bh6 22. Qd1 Rxf3 23. gxf3 Rf5 24. Ne2 Rxf3 25. Bg2 Rf6 26. Qd3 Ne7 27. Qg3 Qd8
28. a4 Nf5 29. Qe5 Bf8 30. Qf4 Bd6 31. Qg5 h6 32. Qg4 h5 33. Qh3 Rf7 34. Nc1 Nh4
35. Nd3 Qf6 36. f4 g5 37. Ne5 g4 38. Qd3 Bxe5 39. Rxe5 Nf5 40. c4 dxc4 41. Qxc4
Ng7 42. Qd3 Nf5 43. Qc4 Ng7 44. Rf1 Kh8 45. Rg5 Rf8 46. Qb4 Bc8 47. Qd6 Ba6 48.
Rf2 g3 49. Rf3 h4 50. Qe5 Nf5 51. Rh5+ Kg7 52. Rg5+ Kh6 53. Rc3 Qxe5 54. dxe5
Rd8 55. Bf3 Rd7 56. Bg4 Bb7 57. Rc1 Rd2 58. Bxf5 exf5 59. Rxf5 h3 60. Rf6+ Kh5
61. Rf5+ Kh4 62. Kf1 h2 0-1

[Event "57th World Juniors 2018"]
[Site "Manavgat TUR"]
[Date "2018.09.13"]
[Round "9.58"]
[White "Urazayev, Arystanbek"]
[Black "Wong, Yinn Long"]
[Result "0-1"]
[WhiteTitle "CM"]
[BlackTitle "FM"]
[WhiteElo "2333"]
[BlackElo "2261"]
[WhiteFideId "13709810"]
[BlackFideId "5707684"]
[EventDate "2018.09.05"]

1. e4 c5 2. Nf3 g6 3. d4 cxd4 4. Nxd4 Nc6 5. c4 Bg7 6. Be3 Nf6 7. Nc3 Ng4 8.
Qxg4 Nxd4 9. Qd1 e5 10. Bd3 O-O 11. O-O b6 12. Qd2 Bb7 13. Nd5 d6 14. Rac1 Rc8
15. Bg5 f6 16. Be3 Ne6 17. b4 Qd7 18. Rfd1 f5 19. f3 Bc6 20. Qe1 f4 21. Bf2 Nd4
22. Kh1 g5 23. c5 bxc5 24. bxc5 Ba4 25. cxd6 Bxd1 26. Ne7+ Kh8 27. Nxc8 Bxf3 28.
gxf3 Nxf3 29. Qe2 Qh3 30. Bxa7 Nxh2 31. Qxh2 Qxd3 32. Ne7 Qxe4+ 33. Kg1 f3 34.
Bf2 Qg4+ 35. Kh1 Qe6 36. Rd1 e4 37. Nd5 Be5 38. Nc7 Qf6 39. Qh5 e3 40. Nd5 e2
41. Rb1 Qg6 42. Qxg6 hxg6 43. d7 Kg7 44. Kg1 Rd8 45. Rb7 g4 46. Nb4 g3 47. Nd3
gxf2+ 48. Kxf2 Bc3 49. Rb3 Ba5 50. Ne1 Rxd7 51. Nxf3 Re7 52. Ne1 Rf7+ 53. Kxe2
Re7+ 54. Kf3 Bxe1 55. Ra3 Re5 56. Ra8 Ra5 57. Re8 Bd2 0-1

[Event "57th World Juniors 2018"]
[Site "Manavgat TUR"]
[Date "2018.09.13"]
[Round "9.60"]
[White "Dobrovoljc, Vid"]
[Black "Ismayilov, Muhammad"]
[Result "1-0"]
[WhiteTitle "FM"]
[WhiteElo "2316"]
[BlackElo "2137"]
[WhiteFideId "14609843"]
[BlackFideId "13410024"]
[EventDate "2018.09.05"]

1. Nf3 d5 2. g3 Nf6 3. Bg2 g6 4. c4 c6 5. Qa4 Bg7 6. cxd5 Nxd5 7. O-O O-O 8. Nc3
e5 9. d3 Nxc3 10. bxc3 Nd7 11. Nd2 Nb6 12. Qc2 Be6 13. Ne4 Bd5 14. c4 Bxe4 15.
Bxe4 Qc7 16. Rb1 Rfd8 17. Qb3 Rd7 18. Bg2 Nc8 19. Bh3 Re7 20. Bg5 f6 21. Be3 Nd6
22. Bc5 Bf8 23. Bxd6 Qxd6 24. c5+ Qd5 25. Qxd5+ cxd5 26. Rb5 Rc7 27. Be6+ Kh8
28. Rfb1 Rb8 29. Bxd5 Rxc5 30. Bxb7 Rc2 31. R5b2 Rxb2 32. Rxb2 Bc5 33. Kg2 Bd4
34. Rb5 Kg7 35. h4 a5 36. e3 Ba7 37. g4 f5 38. g5 h6 39. a4 hxg5 40. hxg5 Kf8
41. Kf3 Kg7 42. Ke2 Kf8 43. Kd2 f4 44. Ke2 fxe3 45. fxe3 Kg7 46. Kf2 Kh7 47. Kf3
Kh8 48. Ke4 Kg7 49. d4 exd4 50. exd4 Rh8 51. Kd3 Rh3+ 52. Kc4 Rh4 53. Rd5 Kf8
54. Bc8 Ke8 55. Rd6 Rf4 56. Kd3 Rf1 57. Ba6 Rd1+ 58. Kc4 Ke7 59. Rd5 Rc1+ 60.
Kd3 Rd1+ 61. Kc3 Rc1+ 62. Kd2 Rc6 63. Bd3 Rd6 64. Rxd6 Kxd6 65. Ke3 Bb6 66. Bxg6
Bd8 67. Kf4 Bb6 68. Ke4 Bd8 69. Kf5 Bb6 70. d5 Kxd5 71. Bh5 Bd4 72. Kg6 Ke6 73.
Kh7 Ke7 74. Kg8 Bc3 75. g6 Kf6 76. Kh7 Kg5 77. Bd1 1-0